[Event "Zalaegerszeg"]
[Site "Zalaegerszeg"]
[Date "1993.??.??"]
[Round "13"]
[White "Deutsch, Ludwig"]
[Black "Meszaros, Andras"]
[Result "1-0"]
[WhiteElo "2220"]
[BlackElo "2390"]

1.c4 e5 2.g3 Nf6 3.Nc3 Nc6 4.Bg2 Bc5 5.e3 d5 6.cxd5 Nb4 7.d4 exd4 8.exd4 Qe7+
9.Nge2 Bxd4 10.O-O Bb6 11.a3 Na6 12.Nd4 O-O 13.Bf4 Bg4 14.Qd2 Qd7 15.Rfe1 Ne8
16.Bg5 f6 17.Bf4 Nd6 18.Ne6 Rfe8 19.h3 Bf5 20.g4 Bg6 21.Rad1 Nc5 22.Nxc5 Bxc5
23.Bxd6 cxd6 24.Re6 Bf7 25.Ne4 Bxe6 26.dxe6 Qe7 27.b4 Bb6 28.Nxd6 Rad8 29.Nf5 Bxf2+
30.Kh1 Qc7 31.Bd5 Kh8 32.e7 Rd7 33.Qxf2 Qe5 34.Qf3 g6 35.Bf7 Rexe7 36.Nxe7 Rxe7
37.Bc4 b6  1-0

[Event "Zalakaros op"]
[Site "Zalakaros"]
[Date "1993.??.??"]
[Round "4"]
[White "Gyorkos, Lajos"]
[Black "Ruck, Robert"]
[Result "1/2-1/2"]
[WhiteElo "2435"]
[BlackElo "2360"]

1.c4 e5 2.g3 Nf6 3.Bg2 c6 4.Nf3 d6 5.O-O Be7 6.d4 Nbd7 7.Nc3 a6 8.b3 O-O
9.Bb2 Re8 10.Ne1 Rb8 11.Nc2 Nf8 12.Qd2 Bd7 13.Ne3 Ng4 14.Nxg4 Bxg4 15.h3 Bd7
16.Rfd1 Qc7 17.Ne4 Bf5 18.dxe5 Bxe4 19.Bxe4 dxe5 20.Qc3 Bf6 21.c5 Rbd8 22.b4 Ne6
23.h4 g6 24.Qc4 Bg7 25.a4 a5 26.Ba3 axb4 27.Bxb4 Rxd1+ 28.Rxd1 Rd8 29.Rxd8+ Qxd8
30.Kg2 Qd4 31.Qxd4 exd4 32.a5 Bf8 33.a6 bxa6 34.Bxc6 Bxc5 35.Ba5 Bd6 36.Bd5 Nc5
37.Bb6 Kf8 38.Bc4 Ke7  1/2-1/2

[Event "Zaragoza op"]
[Site "Zaragoza"]
[Date "1993.??.??"]
[Round "?"]
[White "Foisor, Ovidiu"]
[Black "Strikovic, Aleksa"]
[Result "1/2-1/2"]
[WhiteElo "2425"]
[BlackElo "2465"]

1.c4 e5 2.g3 g6 3.Bg2 Bg7 4.Nc3 Nf6 5.Nf3 d6 6.O-O O-O 7.Rb1 c6 8.d3 Re8
9.b4 d5 10.Nd2 Be6 11.a4 Nbd7 12.a5 a6 13.e4 dxc4 14.Nxc4 Qc7 15.Qc2 Rad8
16.h3 Nh5 17.Na4 f5 18.Nc5  1/2-1/2

[Event "Zaragoza op"]
[Site "Zaragoza"]
[Date "1993.??.??"]
[Round "?"]
[White "Foisor, Ovidiu"]
[Black "Tukmakov, Vladimir B"]
[Result "1/2-1/2"]
[WhiteElo "2425"]
[BlackElo "2600"]

1.c4 e5 2.g3 Nf6 3.Bg2 d5 4.cxd5 Nxd5 5.Nc3 Nb6 6.Nf3 Nc6 7.a3 Be7 8.b4 Be6
9.Rb1 f6 10.d3 O-O 11.O-O a5 12.b5 Nd4 13.Nd2 Bd5 14.Nxd5 Nxd5 15.Ne4 f5
16.e3 fxe4 17.exd4 exd4 18.Bxe4 Nc3 19.Qb3+ Kh8 20.Ra1 Qd7 21.Re1 Rae8 22.Bxb7 Bd6
23.Be4 a4 24.Qc4 Qh3 25.f4 Qg4 26.Qxd4 Ne2+ 27.Rxe2 Qxe2 28.Bb2 Rf7 29.Rf1 Bc5
30.Qxc5 Qxb2 31.Rf2 Qf6 32.Kg2 Rd8 33.Rc2 Rd4 34.h4 g6 35.Qa7 Qd6 36.Rc6 Qd8
37.b6 Rxe4 38.dxe4 Qd2+ 39.Kh3 Qd7+ 40.f5 Qxc6 41.b7 Rf8 42.b8=Q Rxb8 43.Qxb8+ Kg7
44.Qb2+ Kf7 45.Qe5 gxf5 46.Qxf5+ Kg7 47.Qe5+ Kf7 48.h5 Qb6 49.Qf5+ Kg7 50.e5 Qc6
51.Qg5+ Kf7 52.Kg4 h6 53.Qf5+ Ke7 54.Qh7+ Kf8 55.Qd3 Ke7 56.Qf3 Qc4+ 57.Kf5 Qf7+
58.Kg4 Qg7+ 59.Kf5 Qf7+ 60.Kg4 Qg7+ 61.Kf5  1/2-1/2

[Event "Zaragoza op"]
[Site "Zaragoza"]
[Date "1993.??.??"]
[Round "?"]
[White "Foisor, Ovidiu"]
[Black "Colas, Rafael P"]
[Result "1-0"]
[WhiteElo "2425"]
[BlackElo "2305"]

1.c4 e5 2.g3 Nc6 3.Bg2 g6 4.Nc3 Bg7 5.Rb1 a5 6.d3 Nf6 7.Nf3 O-O 8.O-O d6
9.a3 Bf5 10.Bg5 Qd7 11.Bxf6 Bxf6 12.b4 Bh3 13.Nd5 Bd8 14.b5 Bxg2 15.Kxg2 Nd4
16.Nxd4 exd4 17.Qd2 Re8 18.Rfe1 Qf5 19.e4 dxe3 20.Rxe3 Rxe3 21.Qxe3 Qe6 22.a4 Qxe3
23.fxe3 Kf8 24.Kf3 c6 25.bxc6 bxc6 26.Nb6 Ra7 27.Nc8 Rd7 28.Rb8 Bc7 29.Nb6+ Rd8
30.Rb7 Bxb6 31.Rxb6 Ke7 32.Rxc6 Rb8 33.Ra6 Rb3 34.Ke4 Rb2 35.Kd5 Rxh2 36.Ra7+ Kf6
37.Kxd6 Re2 38.e4 Rd2 39.e5+ Kg5 40.Rxf7 Rxd3+ 41.Ke6 Rxg3 42.c5 Rc3 43.Kd5 h5
44.e6 h4 45.e7 Re3 46.Kd6 h3 47.c6 h2 48.Rf1 Rd3+ 49.Kc5  1-0

[Event "Zillertal op"]
[Site "Zillertal"]
[Date "1993.??.??"]
[Round "?"]
[White "Foisor, Ovidiu"]
[Black "Schwartzman, Gabriel"]
[Result "1/2-1/2"]
[WhiteElo "2350"]
[BlackElo "2455"]

1.c4 e5 2.g3 Nf6 3.Bg2 d5 4.cxd5 Nxd5 5.Nf3 Nc6 6.Nc3 Nb6 7.a3 Be6 8.d3 Be7
9.b4 O-O 10.O-O f6 11.Be3 Nd5 12.Nxd5 Bxd5 13.b5 Nd4 14.Bxd4 exd4 15.Qa4 Bc5
16.Qc2 Qd6 17.Nd2 Bxg2 18.Kxg2 Qd5+ 19.Kg1 a6 20.Rfc1 Bd6 21.Qc4 Qxc4 22.Nxc4 axb5
23.Nxd6 cxd6 24.Rab1 Rxa3 25.Rxb5 Rb8 26.Rc7 Ra2 27.Rb6 Ra6 28.Rbxb7 Rxb7
29.Rxb7 Ra5 30.Rd7 Rd5 31.h4 h5 32.f4 Kh7 33.Kf2 Kg6 34.Kf3 f5 35.Rc7 Kf6
36.Kf2 Ra5 37.Rc4 Rd5 38.Ke1 Ke6 39.Kd2 Kd7 40.Ra4 Ke6 41.Rb4 g6 42.Ra4 Kd7
43.Kc2 Rc5+ 44.Kb2 Rb5+ 45.Ka2 Rc5 46.Kb1 Rb5+ 47.Kc1 Rc5+ 48.Kd2 Rd5 49.Rb4 Ke6
50.Rc4 Kd7 51.Kc2 Rc5 52.Kb3 Rb5+ 53.Rb4 Kc6 54.Ka4 Rxb4+ 55.Kxb4 d5 56.Ka5  1/2-1/2

[Event "Zweisimmen"]
[Site "Zweisimmen"]
[Date "1993.??.??"]
[Round "3"]
[White "Foisor, Ovidiu"]
[Black "Habibi, Ali"]
[Result "1-0"]
[WhiteElo "2425"]
[BlackElo "2270"]

1.c4 e5 2.g3 Nf6 3.Bg2 d5 4.cxd5 Nxd5 5.Nc3 Nb6 6.Nf3 Nc6 7.a3 a5 8.d3 Be7
9.O-O O-O 10.Be3 f5 11.Rc1 Kh8 12.Na4 Nxa4 13.Qxa4 Bf6 14.b4 Bd7 15.b5 Ne7
16.Rc5 b6 17.Rxe5 Bxe5 18.Nxe5 Rc8 19.Nxd7 Qxd7 20.Rc1 Ng6 21.Qc4 f4 22.Bd4 Rce8
23.Bb2 fxg3 24.hxg3 Rf7 25.a4 Ref8 26.Bf3 Qd6 27.Qd4 Qe7 28.Rc6 Rd8 29.Qe4 Re8
30.Qxe7 Rfxe7 31.Be4 Kg8 32.Ba3 Rxe4 33.dxe4 Rxe4 34.Rxc7 Rxa4 35.Bb2 Rb4
36.Bxg7 Rxb5 37.f4 a4 38.Bf6 Rf5 39.Bd4 b5 40.Rb7 Rd5 41.e3 a3 42.Kf2 Kf8
43.Kf3 Ne7 44.Ke4 b4 45.Rxb4 Ra5 46.Rb8+ Kf7 47.g4 a2 48.Ba1 Ra4+ 49.Kf3 Ra3
50.Rb7 Kf8 51.Ke4 Ra4+ 52.Ke5 Ra5+ 53.Kf6 Ng8+ 54.Ke6 Ra6+ 55.Ke5 Nh6 56.Rb8+ Ke7
57.g5 Ng4+ 58.Ke4 Re6+ 59.Kf3 Nxe3 60.Ra8 Nf5 61.Rxa2 Kf7 62.Kg4 Kg6 63.Ra8 h5+
64.gxh6 Nxh6+ 65.Kf3 Nf5 66.Be5 Rb6 67.Rg8+ Kf7 68.Rg5 Nh4+ 69.Kg4 Ng6 70.Rf5+ Ke7
71.Bd4 Rb3 72.Rg5 Nxf4 73.Kxf4 Rb4  1-0

[Event "Zweisimmen"]
[Site "Zweisimmen"]
[Date "1993.??.??"]
[Round "4"]
[White "Foisor, Cristina Adela B"]
[Black "Glauser, Hansruedi"]
[Result "1-0"]
[WhiteElo "2350"]
[BlackElo "2325"]

1.c4 e5 2.g3 g6 3.Bg2 Bg7 4.Nc3 Ne7 5.Nf3 Nbc6 6.O-O O-O 7.d3 d6 8.Rb1 Bf5
9.b4 Qd7 10.b5 Nd8 11.Ng5 h6 12.Nge4 Be6 13.Bxh6 Bh3 14.Nd5 Nxd5 15.cxd5 f6
16.Bxg7 Kxg7 17.e3 Bxg2 18.Kxg2 Nf7 19.f3 Rh8 20.Nf2 Rh7 21.Qc2 Rah8 22.Rh1 f5
23.a4 g5 24.Rbc1 Rc8 25.Qc4 Kg6 26.d4 exd4 27.Qxd4  1-0

[Event "Altensteig-J"]
[Site "Altensteig"]
[Date "1994.??.??"]
[Round "?"]
[White "Schwarz, Michael"]
[Black "Kachiani Gersinska, Ketino"]
[Result "1/2-1/2"]
[WhiteElo "2390"]
[BlackElo "2415"]

1.c4 e5 2.g3 Nf6 3.Bg2 d5 4.cxd5 Nxd5 5.Nc3 Nb6 6.Nf3 Nc6 7.O-O Be7 8.Rb1 f6
9.d3 Be6 10.Be3 O-O 11.d4 exd4 12.Nxd4 Nxd4 13.Qxd4 c6 14.Qe4 Qc8 15.b3 Re8
16.Rbd1 Bh3 17.Qh4 Bxg2 18.Kxg2 Qe6 19.Rd3 Nd7 20.Qe4 Qxe4+ 21.Nxe4 Ne5 22.Rdd1 b6
23.Bd4 Bb4 24.Nd2 Rad8 25.Nf3 Nxf3 26.Kxf3 Rd5 27.Be3 Red8 28.Rxd5 Rxd5 29.Rc1 c5
30.a3 Bxa3 31.Ra1 Bb4 32.Rxa7 Rd1 33.Ra6 Rb1 34.Rxb6 Rxb3 35.Ke4 Rc3 36.Kf5 Ra3
37.Rb8+ Kf7 38.Rb7+ Kg8 39.h4 Ra6 40.h5 Rd6 41.Bf4 Rd5+ 42.Ke6 Rd8 43.h6 Re8+
44.Kf5 gxh6 45.e3 Rc8 46.Bxh6 Be1 47.Bg7 c4 48.Bxf6 Bxf2 49.Rg7+ Kf8 50.Rxh7 Rc6
51.e4 Bxg3 52.e5 Bxe5 53.Bxe5 c3 54.Rh1 c2 55.Rc1 Ke7 56.Ke4 Ke6 57.Bd4 Rc4
58.Kd3 Kd5 59.Be3 Rh4 60.Kxc2 Kc4 61.Bd2 Rh3 62.Rg1 Kd4 63.Rg4+ Ke5 64.Bc3+ Kd5
65.Rd4+ Ke6 66.Kb3 Rh7 67.Re4+ Kd5 68.Re5+ Kd6 69.Rg5 Rh4 70.Kc2 Rh3 71.Kd2 Ke6
72.Bd4 Rf3 73.Ke2 Rb3 74.Be3 Kf6 75.Rc5 Ke6 76.Kf3 Rb4 77.Bf4 Rd4 78.Rb5 Rd5
79.Rb8 Rd4 80.Kg4 Rd7 81.Rb5 Rf7 82.Kf3 Rf5 83.Rb6+ Kd5 84.Rb1 Rf6 85.Rd1+ Kc4
86.Ke4 Re6+ 87.Be5 Rc6 88.Rd2 Kc5 89.Bd4+ Kd6 90.Rb2 Ke6 91.Rb5 Kd6 92.Rh5 Ke6
93.Bc5 Kf7 94.Kd5 Kg6 95.Rh1 Ra6 96.Bd6 Kf5 97.Rf1+ Kg4 98.Be5 Ra5+ 99.Ke4 Ra4+
100.Bd4 Rb4 101.Rg1+ Kh4 102.Ke5 Kh3 103.Rg8 Ra4 104.Be3 Rg4 105.Ra8 Kg3
106.Ra3 Rc4 107.Bf4+ Kf2 108.Kf5 Rc2 109.Be3+ Kf3 110.Bd4+ Ke2  1/2-1/2

[Event "Aschach op"]
[Site "Aschach"]
[Date "1994.??.??"]
[Round "?"]
[White "Piven, Igor"]
[Black "Hresc, Vladimir"]
[Result "0-1"]
[WhiteElo "2340"]
[BlackElo "2405"]

1.c4 e5 2.g3 Nf6 3.Bg2 Nc6 4.d3 d5 5.cxd5 Nxd5 6.Nc3 Be6 7.Nf3 Be7 8.O-O O-O
9.Bd2 Nb6 10.a3 a5 11.Na4 Nd7 12.Be3 f6 13.Rc1 Bd6 14.d4 exd4 15.Nxd4 Nxd4
16.Qxd4 Be5 17.Qd3 c6 18.Rfd1 f5 19.f4 Bf6 20.Bf2 Re8 21.g4 g6 22.g5 Bg7
23.Bd4 Qe7 24.Bxg7 Qxg7 25.Qc3 Qxc3 26.Rxc3 Re7 27.Kf2 Rae8 28.Rd2 Kf7 29.Nc5 Nxc5
30.Rxc5 a4 31.Re5 Bc4 32.Rxe7+ Rxe7 33.Bf3 Ke6 34.Rd4 Bb3 35.h4 Rd7 36.Ke3 Rd6
37.h5 b5 38.h6 c5 39.Rxd6+ Kxd6 40.Bb7 Bd5 41.Ba6 Kc6 42.Bc8 Kc7 43.Ba6 Bc6
44.b3 axb3 45.Kd2 Bd7 46.a4 bxa4 47.Kc3 Be6 48.Kb2 Kb6 49.Bd3 c4 50.Bb1 Kc5
51.e4 Kb4 52.exf5 a3+ 53.Ka1 b2+ 54.Ka2 Bd5  0-1

[Event "AUT-ch"]
[Site "Austria"]
[Date "1994.??.??"]
[Round "1"]
[White "Wegerer, Fred"]
[Black "Steiner, Bruno"]
[Result "0-1"]
[WhiteElo "2330"]
[BlackElo "2220"]

1.c4 e5 2.g3 d6 3.Bg2 g6 4.Nc3 Bg7 5.d3 Ne7 6.e4 O-O 7.Nge2 Nbc6 8.O-O Be6
9.Nd5 h6 10.Rb1 a5 11.a3 f5 12.Be3 Kh7 13.b4 axb4 14.axb4 fxe4 15.dxe4 Bg4
16.f3 Be6 17.Qd2 Nb8 18.Rfd1 Nd7 19.Nec3 Nf6 20.Rbc1 b6 21.Nb5 Ne8 22.Ndxc7 Nxc7
23.Bxb6 Rc8 24.Nxc7 Rxc7 25.Bxc7 Qxc7 26.Qxd6 Qa7+ 27.c5 Bg8 28.b5 Rb8 29.b6 Qb7
30.Bf1 Nc6 31.Qd7 Nd4 32.Qxb7 Rxb7 33.Kf2 Bb3 34.Ba6 Rb8 35.Rd3 Ba4 36.Bc4 Bf8
37.Bd5 h5 38.f4 Bb5 39.Rd2 Kh6 40.fxe5 Nc6 41.e6 Ne5 42.Rb1 Bxc5+ 43.Kg2 Bd3
44.Rb3 Bc4 45.Rc3 Bb4 46.Rxc4 Nxc4 47.Rd4 Ne3+ 48.Kf3 Nxd5 49.exd5 Bd6 50.Rc4 Rxb6
51.Ke4 Kg5 52.Rc8 Rb4+ 53.Kd3 Kf6 54.Rd8 Rb6 55.Ke4 Be7 56.Rd7 Rd6 57.Rc7 Rb6
58.Rd7 Rb4+ 59.Kd3 Rb1 60.Kc2 Rb6 61.Ra7 Rd6 62.Ra5 Rd8 63.Kc3 Ke5 64.Ra7 Bf6
65.Rf7 h4 66.Kc4 hxg3 67.hxg3 g5 68.g4 Re8 69.Kc5 Re7 70.Rf8 Rxe6 71.Rf7  0-1

[Event "AUT-ch"]
[Site "Austria"]
[Date "1994.??.??"]
[Round "7"]
[White "Stadler, Peter"]
[Black "Posch, Werner"]
[Result "1-0"]
[WhiteElo "2135"]
[BlackElo "2200"]

1.c4 e5 2.g3 Nc6 3.Bg2 g6 4.Nc3 Bg7 5.d3 d6 6.Nf3 f5 7.O-O Nf6 8.Rb1 O-O
9.b4 a6 10.a4 h6 11.b5 axb5 12.axb5 Ne7 13.Ne1 g5 14.Nc2 f4 15.Nb4 Nf5 16.Nbd5 Kh8
17.Bb2 Rb8 18.Qa4 Nd4 19.e3 f3 20.Bh1 Nxd5 21.cxd5 Ne2+ 22.Nxe2 fxe2 23.Rfe1 Bg4
24.Qxg4  1-0

[Event "AUT-chT"]
[Site "?"]
[Date "1994.??.??"]
[Round "?"]
[White "Barbero, Gerardo F"]
[Black "Chernin, Alexander"]
[Result "1/2-1/2"]
[WhiteElo "2520"]
[BlackElo "2615"]

1.c4 e5 2.g3 Nc6 3.Bg2 g6 4.Nc3 Bg7 5.d3 d6 6.e3 Nge7 7.Nge2 h5 8.h4 Bg4
9.b3 O-O 10.Bb2 Rb8 11.O-O a6 12.Qd2 b5 13.Nd5 Na7 14.Nec3 c6 15.Nxe7+ Qxe7
16.d4 exd4 17.exd4 bxc4 18.bxc4 d5 19.a4 Qf6 20.Ba3 Qxd4 21.Qxd4 Bxd4 22.Bxf8 Kxf8
23.Rab1 Rxb1 24.Nxb1 Be2 25.cxd5  1/2-1/2

[Event "AUT-chT2S 9394"]
[Site "AUT"]
[Date "1994.??.??"]
[Round "?"]
[White "Erdelyi, Tamas"]
[Black "Mikac, Matjaz"]
[Result "1/2-1/2"]
[WhiteElo "2350"]
[BlackElo "2395"]

1.c4 e5 2.g3 Nf6 3.Bg2 Nc6 4.Nf3 Bc5 5.O-O O-O 6.Nxe5 Bxf2+ 7.Rxf2 Nxe5 8.d4 Nxc4
9.Bg5 d5 10.Nc3 c6 11.e4 dxe4 12.Bxf6 gxf6 13.Bxe4 f5 14.Bh1 Be6 15.Qd3 Ne5  1/2-1/2

[Event "AUT-chT2S 9394"]
[Site "AUT"]
[Date "1994.??.??"]
[Round "?"]
[White "Ebner, Hubert"]
[Black "Steiner, Bruno"]
[Result "1-0"]
[WhiteElo "2225"]
[BlackElo "2200"]

1.c4 e5 2.g3 g6 3.Bg2 Bg7 4.Nc3 Ne7 5.e4 Nbc6 6.Nge2 O-O 7.O-O d6 8.d3 Nd4
9.Nxd4 exd4 10.Nd5 c6 11.Nxe7+ Qxe7 12.Bf4 Be6 13.Qd2 Qd7 14.b4 Rfe8 15.Rfc1 Rac8
16.Bh6 Bh8 17.h4 d5 18.exd5 cxd5 19.c5 b6 20.a4 bxc5 21.Rxc5 Rxc5 22.bxc5 Rc8
23.Qb4 Be5 24.Rc1 Qc6 25.Qe1 Bf6 26.Qa5 a6 27.Qb4 Bd7 28.Qb3 Be6 29.Kh2 Be5
30.Bh3 Rb8 31.Qa3 a5 32.Qa2 Rb4 33.Qe2 Bg7 34.Bxe6 fxe6 35.Bxg7 Kxg7 36.Qe5+ Kf7
37.Qf4+ Ke7 38.Qh6 e5 39.Qxh7+ Kf6 40.Qh8+ Kf5 41.Qf8+ Ke6 42.Qg7 Kf5 43.Qf7+ Qf6
44.g4+  1-0

[Event "Bad Ragaz op"]
[Site "Bad Ragaz"]
[Date "1994.??.??"]
[Round "6"]
[White "Sher, Miron N"]
[Black "Popovic, Petar"]
[Result "1/2-1/2"]
[WhiteElo "2520"]
[BlackElo "2525"]

1.c4 e5 2.g3 c6 3.d4 Bb4+ 4.Bd2 Bxd2+ 5.Qxd2 d6 6.Nc3 Nf6 7.Bg2 O-O 8.e3 Be6
9.b3 exd4 10.Qxd4 d5 11.cxd5 Nxd5 12.Nxd5 Bxd5 13.Bxd5 cxd5 14.Nf3 Nc6 15.Qc3 Qe7
16.O-O Qe4  1/2-1/2

[Event "Bad Ragaz op"]
[Site "Bad Ragaz"]
[Date "1994.??.??"]
[Round "7"]
[White "Weindl, Alfred"]
[Black "Lawrenz, Alexander"]
[Result "1-0"]
[WhiteElo "2355"]
[BlackElo "2215"]

1.g3 e5 2.c4 Nc6 3.Bg2 g6 4.Nc3 Bg7 5.e3 Nge7 6.Nge2 O-O 7.Rb1 a5 8.a3 d6
9.b4 axb4 10.axb4 Qe8 11.Nd5 Nxd5 12.cxd5 Ne7 13.O-O c6 14.Nc3 cxd5 15.Nxd5 Nxd5
16.Bxd5 Qb5 17.Qb3 Bf5 18.e4 Bh3 19.Re1 Qd7 20.Bb2 Kh8 21.Ra1 Rxa1 22.Rxa1 f5
23.exf5 Qxf5 24.f3 Qd7 25.Qa4 Qc7 26.Qa7 Qc2 27.Bc3 Qd3 28.Be4 Qe2 29.Qf2 Qb5
30.Ra5 Qc4 31.Bxb7 e4 32.Bd5 Qc7 33.Ra7  1-0

[Event "Bad Woerishofen op"]
[Site "Bad Woerishofen"]
[Date "1994.??.??"]
[Round "2"]
[White "Arbakov, Valentin"]
[Black "Vuksanovic, Sanja"]
[Result "1-0"]
[WhiteElo "2575"]
[BlackElo "2260"]

1.c4 e5 2.g3 Nc6 3.Bg2 f5 4.Nc3 Nf6 5.e3 g6 6.Nge2 Bg7 7.O-O O-O 8.Rb1 d6
9.b4 Qe8 10.d3 Be6 11.b5 Nd8 12.a4 g5 13.f4 gxf4 14.exf4 Qh5 15.Nd5 Rf7 16.Nec3 Qxd1
17.Rxd1 c6 18.Nb4 Rc8 19.Bd2 Nd7 20.a5 Nc5 21.fxe5 dxe5 22.Be3 Bf8 23.a6 cxb5
24.axb7 Ndxb7 25.Nxb5 a5 26.Nd5 a4 27.d4 Nb3 28.dxe5 Rxc4 29.Nf4 Rxf4 30.gxf4 a3
31.Nd4 N7c5 32.Nxe6 a2 33.Nxc5 axb1=Q 34.Rxb1 Bxc5 35.Rxb3  1-0

[Event "Badalona op"]
[Site "Badalona"]
[Date "1994.??.??"]
[Round "9"]
[White "Suba, Mihai"]
[Black "Buchenau, Frank"]
[Result "1-0"]
[WhiteElo "2525"]
[BlackElo "2250"]

1.c4 e5 2.g3 f5 3.d4 e4 4.Nc3 Nf6 5.Bg5 c6 6.e3 Na6 7.Nge2 Be7 8.Nf4 O-O
9.Qb3 d6 10.h4 Nc7 11.Be2 Rb8 12.O-O-O Ne6 13.c5 d5 14.Nxe6 Bxe6 15.Bf4 b6
16.Bxb8 Qxb8 17.cxb6 axb6 18.Kb1 Ng4 19.Bxg4 fxg4 20.Rd2 Qa7 21.Ka1 Kf7 22.Rc1 Ra8
23.a3 Qa5 24.Qd1 b5 25.Na2 b4 26.Rxc6 Bd7 27.Rc5 Bxc5 28.dxc5 Be6 29.Rxd5 Qb5
30.Rd2 bxa3 31.b4 Bf5  1-0

[Event "Badenweiler op"]
[Site "Badenweiler"]
[Date "1994.??.??"]
[Round "4"]
[White "Schlosser, Philipp"]
[Black "Widera, Jan"]
[Result "1-0"]
[WhiteElo "2540"]
[BlackElo "2170"]

1.c4 e5 2.g3 d5 3.cxd5 Qxd5 4.Nf3 Bb4 5.a3 Be7 6.Nc3 Qd6 7.Bg2 Nf6 8.O-O O-O
9.b4 Nc6 10.d3 h6 11.Nd2 Be6 12.Nc4 Bxc4 13.dxc4 Qxd1 14.Rxd1 a6 15.Bb2 Rfe8
16.Nd5 Bd8 17.Nxf6+ Bxf6 18.Rd7 Rac8 19.Be4 Nb8 20.Rd3 c6 21.Rad1 a5 22.b5 a4
23.Kf1 cxb5 24.cxb5 Rc5 25.Rd5 Rc4 26.f3 Kf8 27.Rd6 Rc7 28.Rb6 Re6 29.Rxe6 fxe6
30.Rd6 Nd7 31.b6  1-0

[Event "Badenweiler op"]
[Site "Badenweiler"]
[Date "1994.??.??"]
[Round "5"]
[White "Scherer, Max"]
[Black "Werner, Clemens"]
[Result "0-1"]
[WhiteElo "2210"]
[BlackElo "2305"]

1.c4 e5 2.g3 g6 3.Bg2 Bg7 4.Nc3 d6 5.b4 Ne7 6.Ba3 O-O 7.Nf3 f5 8.O-O e4 9.Ne1 Be6
10.Rc1 Nbc6 11.d3 exd3 12.exd3 f4 13.Ne2 fxg3 14.hxg3 Bg4 15.Qd2 Qd7 16.Bb2 Bxe2
17.Qxe2 Nf5 18.Bd5+ Kh8 19.Bxg7+ Qxg7 20.Nc2 Nfd4 21.Nxd4 Nxd4 22.Qg4 c6
23.Bg2 Rae8 24.Rce1 Qf6 25.Be4 d5 26.f4 dxe4 27.dxe4 Nc2 28.e5 Qf5 29.Qxf5 gxf5
30.Re2 Nd4 31.Rd2 Rd8 32.Kf2 b6 33.Ke3 Ne6 34.Rxd8 Rxd8 35.g4 Rf8 36.gxf5 Rxf5
37.Ke4 Rxf4+ 38.Rxf4 Nxf4 39.Kxf4 Kg7 40.Kf5 Kf7 41.b5 cxb5 42.cxb5 Ke7 43.e6 h6
44.Ke5 h5 45.Kd5 h4 46.Kc6 h3 47.Kb7 h2 48.Kxa7 h1=Q 49.Kxb6 Qa8 50.Kc7 Qa7+
51.Kc6 Qa4 52.a3 Kxe6 53.Kc5 Qxa3+ 54.Kc4 Qa5 55.b6  0-1

[Event "Balatonbereny op"]
[Site "Balatonbereny"]
[Date "1994.??.??"]
[Round "4"]
[White "Czebe, Attila"]
[Black "Gleizerov, Evgeny"]
[Result "0-1"]
[WhiteElo "2430"]
[BlackElo "2520"]

1.c4 e5 2.g3 Nc6 3.Bg2 g6 4.Nc3 Bg7 5.e3 Nf6 6.Nge2 O-O 7.O-O Re8 8.Rb1 e4
9.b3 d6 10.Bb2 h5 11.h3 Bf5 12.Nf4 Ne5 13.d3 Nxd3 14.Nxd3 exd3 15.Bxb7 Bxh3
16.Re1 h4 17.gxh4 Rb8 18.Bg2 Bxg2 19.Kxg2 Ne4 20.Qxd3 Bxc3 21.Bxc3 Qxh4 22.Rb2 Qg4+
23.Kf1 Qf3  0-1

[Event "Regionalliga SO9495"]
[Site "Bayern"]
[Date "1994.??.??"]
[Round "1"]
[White "Scheipl, Ralf"]
[Black "Deglmann, Ludwig"]
[Result "1/2-1/2"]
[WhiteElo "2265"]
[BlackElo "1975"]

1.c4 e5 2.g3 g6 3.Nc3 Bg7 4.Bg2 Nc6 5.Rb1 Nf6 6.b4 O-O 7.e3 Nh5 8.Nge2 f5
9.b5 Ne7 10.O-O f4 11.exf4 exf4 12.Bf3 fxg3 13.fxg3 d6 14.Bg2 Rb8 15.Rxf8+ Qxf8
16.d3 Bg4 17.Qf1 Qxf1+ 18.Kxf1 Bf5 19.Ne4 d5 20.Ba3 dxe4 21.dxe4 Be6 22.Bxe7 Bxc4
23.Rc1 Bxb5 24.Rxc7 Bc6 25.Bd6 Re8 26.Nf4 Nxf4  1/2-1/2

[Event "Oberliga Bayern9495"]
[Site "Bayern"]
[Date "1994.??.??"]
[Round "1"]
[White "Mandl, Robert"]
[Black "Mischustov, Michael"]
[Result "1/2-1/2"]
[WhiteElo "2430"]
[BlackElo "2370"]

1.c4 e5 2.g3 Nf6 3.Bg2 c6 4.d4 Bb4+ 5.Bd2 Bxd2+ 6.Qxd2 d6 7.Nc3 O-O 8.e3 Qe7
9.Nge2 Re8 10.O-O Nbd7 11.h3 h6 12.Rfd1 Nb6 13.b3 Bf5 14.Rac1 e4 15.g4 Bh7
16.Ng3 d5 17.a4 a5 18.c5 Nbd7 19.Rb1 Nf8 20.b4 axb4 21.Rxb4 Ne6 22.Rdb1 Nd8
23.Nce2 Nd7 24.Nf4 Nf8 25.Qa2 Qc7 26.Nf1 Nfe6 27.Nxe6 fxe6 28.Rb6 e5 29.R1b4 Re7
30.a5 Qc8 31.dxe5 Rxe5 32.Nd2 Kh8 33.Qb2 Re8 34.Nb3 h5 35.gxh5 Qf5 36.h6 Rg8
37.Nd4 Qf6 38.hxg7+ Rxg7 39.Ne2 Qxb2 40.Rxb2 Rxa5 41.Nf4 Rxc5 42.Ra2 Rg8
43.Kf1 d4 44.exd4 Rf5 45.Ne2 e3 46.f4 Rf7 47.Ra3 Ne6 48.Bd5 Bf5 49.Bxe6 Bxe6
50.Rxe3 Bc4 51.Ke1  1/2-1/2

[Event "Regionalliga SO9495"]
[Site "Bayern"]
[Date "1994.??.??"]
[Round "5"]
[White "Nagy, Laszlo"]
[Black "Voelkl, Stefan"]
[Result "0-1"]
[WhiteElo "2015"]
[BlackElo "1990"]

1.c4 e5 2.g3 c6 3.d4 exd4 4.Qxd4 d5 5.cxd5 Qxd5 6.Qxd5 cxd5 7.Bg2 Be6 8.Nc3 Bb4
9.a3 Bxc3+ 10.bxc3 Nd7 11.Be3 Rc8 12.Bd4 Ngf6 13.Nf3 O-O 14.Nd2 Bf5 15.O-O Rfe8
16.Rfe1 Ne4 17.Nxe4 dxe4 18.Rab1 b6 19.Rb5 g6 20.a4 Nb8 21.Ra1 Nc6 22.e3 Na5
23.Kf1 Be6 24.Ke1 f5 25.Bf1 Kf7 26.Rab1 Re7 27.Kd2 Bc4 28.R5b4 Bd5 29.Ba6 Rcc7
30.Be2 Ke6 31.g4 fxg4 32.Bxg4+ Kd6 33.Bf6 Rf7 34.Bh4 Rc4 35.Bg3+ Kc6 36.Be2 Rc5
37.Bb5+ Kb7 38.Be2 Ba2 39.Rf1 Rf8 40.Bd6 Rd8 41.Rd4 Nb3+ 42.Kc2 Nxd4+ 43.exd4 Rc6
44.Be5 Rdc8 45.Bg4 Rxc3+ 46.Kb2 Rc2+ 47.Ka1 Rf8 48.f4 Bd5 49.Bd1 Rxh2 50.Kb1 e3
51.Re1 Rc8 52.Be2 Be4+  0-1

[Event "Berga op"]
[Site "Berga"]
[Date "1994.??.??"]
[Round "3"]
[White "Suba, Mihai"]
[Black "Romero, Antonio"]
[Result "1-0"]
[WhiteElo "2525"]
[BlackElo "2210"]

1.c4 e5 2.g3 Nc6 3.Nc3 d6 4.e3 Nf6 5.Bg2 Be6 6.Nd5 Qd7 7.h3 Bxd5 8.cxd5 Nb4
9.Qb3 Qb5 10.Kd1 a5 11.a3 Qd3 12.Qxd3 Nxd3 13.Ke2 e4 14.f3 Nh5 15.fxe4 Nxc1+
16.Rxc1 Nxg3+ 17.Kf3 Nxh1 18.Rxc7 Rb8 19.Ne2 Be7 20.Nd4 Kd8 21.Nb5 h5 22.Bxh1 Rh6
23.Ke2 Rg6 24.Bf3 Rg5 25.a4 g6 26.b3 Ke8 27.Kf2 Kd8 28.d4 Rc8 29.Rxc8+ Kxc8
30.h4 Rg4 31.Bxg4+ hxg4 32.Kg3 Kd7 33.Kxg4 Bf8 34.Na3 Bh6 35.Nc4 Kc7 36.h5 b6
37.hxg6 fxg6 38.e5 dxe5 39.dxe5  1-0

[Event "Berliner Sommer"]
[Site "Berlin"]
[Date "1994.??.??"]
[Round "?"]
[White "Reschke, Thomas"]
[Black "Rogozenko, Dorin"]
[Result "0-1"]
[WhiteElo "2265"]
[BlackElo "2405"]

1.c4 e5 2.g3 Nf6 3.Bg2 c6 4.d4 exd4 5.Qxd4 d5 6.Nc3 Be6 7.cxd5 cxd5 8.Nf3 Nc6
9.Qa4 Bc5 10.O-O h6 11.Nb5 O-O 12.Bf4 Rc8 13.Rac1 Ne4 14.Nfd4 Nxd4 15.Nxd4 Bd7
16.Qd1 Qb6 17.Be3 Qxb2 18.Bxe4 dxe4 19.Rxc5 Rxc5 20.Nb3 Rc7 21.Bf4 Bh3 22.Bxc7 Bxf1
23.Kxf1 Qxa2 24.Nd4 Qd5 25.Qa1 b6 26.Bf4 Rc8 27.Be3 a5 28.Qa4 Rc4 29.Qe8+ Kh7
30.Nb5 Qd1+ 31.Kg2 Rb4 32.Nc3 Qb3 33.Bd2 e3 34.Qxe3 a4 35.Nd5 Qxd5+  0-1

[Event "Berliner Sommer"]
[Site "Berlin"]
[Date "1994.??.??"]
[Round "?"]
[White "Budnikov, Alexandar"]
[Black "Nikolenko, Oleg"]
[Result "1/2-1/2"]
[WhiteElo "2535"]
[BlackElo "2475"]

1.c4 e5 2.g3 Nf6 3.Bg2 d5 4.cxd5 Nxd5 5.Nc3 Nb6 6.Nf3 Nc6 7.O-O Be7 8.a3 O-O
9.b4 Re8 10.d3 Bf8 11.Bb2 Bg4 12.h3 Bh5 13.Nd2 Rb8 14.Nb3 Nd4 15.Re1 c6 16.Nxd4 Qxd4
17.Qb3 Qd7 18.a4 Kh8 19.a5 Nc8 20.b5 cxb5 21.Nxb5 f6 22.Ba3 Bf7 23.Qb2 a6
24.Bxf8 Rxf8 25.Nc3 Ne7 26.Na4 Nc6 27.Nb6 Qd6 28.Qa3 Rfd8 29.Qxd6 Rxd6 30.Bxc6 Rxc6
31.Rac1 Be8 32.f4 Rd8 33.Rxc6 Bxc6 34.fxe5 fxe5 35.Rd1 Kg8 36.Kf2 Kf7 37.Ke3 Ke6
38.Rc1 Rf8 39.Rb1 h5 40.h4 Rf6 41.Nc4  1/2-1/2

[Event "Berliner Sommer"]
[Site "Berlin"]
[Date "1994.??.??"]
[Round "?"]
[White "Budnikov, Alexandar"]
[Black "Tseitlin, Mark D"]
[Result "1/2-1/2"]
[WhiteElo "2535"]
[BlackElo "2465"]

1.c4 e5 2.g3 Nf6 3.Bg2 c6 4.d4 Bb4+ 5.Bd2 Bxd2+ 6.Qxd2 d6 7.Nc3 O-O 8.e4 c5
9.d5 Ne8 10.Nge2 Na6 11.O-O Bd7 12.a3 Rb8 13.f4 Qe7 14.b4 Nac7 15.b5 Na8
16.a4 a5 17.Nd1 exf4 18.gxf4 Nb6 19.Ne3 Ra8 20.Ng3 g6 21.Qc3 f6 22.Qc2 Ng7
23.Rae1 Rae8 24.Nd1 Qd8 25.Nb2 Bc8 26.Nd3 Nd7 27.Qc3 Qc7 28.Bh3 Nb6 29.Bxc8  1/2-1/2

[Event "Bled op"]
[Site "Bled"]
[Date "1994.??.??"]
[Round "?"]
[White "Sher, Miron N"]
[Black "Riegler, Primoz"]
[Result "1/2-1/2"]
[WhiteElo "2520"]
[BlackElo "2270"]

1.c4 e5 2.g3 Nc6 3.Bg2 g6 4.Nc3 Bg7 5.d3 f5 6.e4 Nf6 7.Nge2 O-O 8.O-O d6
9.h3 Rb8 10.Be3 a6 11.Qd2 Be6 12.Nd5 Ne7 13.Rac1 c6 14.Bb6 Qd7 15.Nxe7+ Qxe7
16.exf5 gxf5 17.f4 Nd7 18.Be3 Kh8 19.b3 Rbd8 20.Kh2 Rfe8 21.Rce1 Nf8 22.Nc3 Ng6
23.d4 exf4 24.Bxf4 Nxf4 25.Qxf4 Qf6 26.Rd1 Bc8 27.Qf2 Qh6 28.Rd3 Re7 29.Ne2 Rde8
30.Nf4 Qf6 31.Qf3 Bh6 32.Rf2 Qf7 33.Qd1 Re1 34.Qd2 Qf6 35.a4 Bxf4 36.Qxf4 Qe7
37.h4 Re3 38.Rfd2 Bd7 39.Qh6 Rxd3 40.Rxd3 Qe2 41.Rf3 Qe6 42.Qf4 Qf6 43.Re3 Rxe3
44.Qxe3 Kg7 45.a5 h6 46.Kg1 Qe6 47.Kf2 Qxe3+ 48.Kxe3 Kf6 49.Kf4 Be6 50.d5 cxd5
51.cxd5 Bd7 52.Bh3 Kg6 53.Bf1 h5 54.Be2 Be8 55.Bd3 Bd7 56.Ke3 Kf6 57.Kd4 Be8
58.Bf1 Bd7 59.Be2 Kg6 60.b4 Bb5 61.Bd1 Be8 62.Bf3 Ba4 63.Ke3 Bb5 64.Bd1 Bc4
65.Kd4 Bb5 66.Bc2 Kf6 67.Bb3 Be8 68.Bd1 Kg6 69.Bf3 Bb5 70.Kc3 Bf1 71.Bd1 Bb5  1/2-1/2